000
00190nam a22000857a 4500
008
160628b xxu||||| |||| 00| 0 eng d
100
_9
1256
_a
Igen, B
245
_a
Bhagat Singh
260
_a
D
_b
Manoj
999
_c
1031
_d
1031